江苏人口最多的20个县级行政区 20 most populous county-level regions in Jiangsu - Statistics

General Stats
  • This quiz has been taken 151 times
  • The average score is 15 of 20
Answer Stats
人口 地市 县区 % Correct
209 苏州市 昆山市
98%
168 苏州市 常熟市
94%
178 无锡市 江阴市
93%
143 苏州市 张家港市
93%
129 无锡市 宜兴市
87%
206 苏州市 姑苏区
86%
155 苏州市 吴江区
86%
193 南京市 江宁区
85%
170 常州市 武进区
84%
139 苏州市 吴中区
84%
124 南通市 如皋市
76%
126 南通市 通州区
71%
146 徐州市 邳州市
64%
117 南京市 浦口区
64%
152 南通市 崇川区
60%
167 宿迁市 沭阳县
59%
124 徐州市 铜山区
55%
113 泰州市 兴化市
54%
110 扬州市 邗江区
54%
109 徐州市 睢宁县
44%
No matching quizzes found
Score Distribution
Percent of People with Each Score
Percentile by Number Answered
Your Score History
You have not taken this quiz